000 00421nam a2200157Ia 4500
008 231221s9999 xx 000 0 und d
041 _aEnglish
082 _a641.87046 MET;1 R
100 _aMetcalfe, Charles Mcwhirter, Kathryn
245 0 _aWines of Spain and Portugal
260 _c1990
_bH.P.Book
_aLos Angeles
300 _a160
650 _aHotel Management
650 _aWines,spain,portugal
942 _cHM
999 _c207674
_d207674